LEADER 01398nas 2200493-a 450 001 996204747403316 005 20230428213021.0 011 $a1467-8381 035 $a(OCoLC)40336090 035 $a(CKB)963017756179 035 $a(CONSER)--2003252399 035 $a(DE-599)ZDB2009850-9 035 $a(EXLCZ)99963017756179 100 $a19981117a19879999 s-- - 101 0 $aeng 135 $aurmnu|||||||| 181 $ctxt$2rdacontent 182 $cc$2rdamedia 183 $acr$2rdacarrier 200 00$aAsian economic journal 210 $a[Oxford] $cBlackwell Pub 215 $a1 online resource 300 $aRefereed/Peer-reviewed 311 $a1351-3958 531 $aASIAN ECON J 531 $aASIAN ECON. J 531 00$aAsian econ j 606 $aEconomic history$2fast$3(OCoLC)fst00901974 606 $aECONOMIC CONDITIONS$2unbist 606 $aASIA$2unbist 607 $aAsia$xEconomic conditions$y1945-$vPeriodicals 607 $aAsie$xConditions économiques$y1945-$vPériodiques 607 $aAsia$2fast 608 $aPeriodicals.$2lcgft 608 $aPeriodicals.$2fast 615 7$aEconomic history. 615 17$aECONOMIC CONDITIONS. 615 17$aASIA. 676 $a330.95 712 02$aEast Asian Economic Association, 906 $aJOURNAL 912 $a996204747403316 996 $aAsian economic journal$92260595 997 $aUNISA LEADER 01026nam a2200301 i 4500 001 991000772859707536 005 20020507173412.0 008 970627s1958 us ||| | eng 035 $ab10755202-39ule_inst 035 $aLE01302092$9ExL 040 $aDip.to Matematica$beng 082 0 $a511.35 084 $aAMS 03D10 084 $aAMS 03D20 084 $aAMS 68Q05 100 1 $aDavis, Martin$0478481 245 10$aComputability & unsolvability /$cMartin Davis 260 $aNew York :$bMcGraw-Hill,$c1958 300 $axxv, 210 p. ;$c22 cm. 490 0 $aMcGraw-Hill series in information processing and computers 650 4$aModels of computation 650 4$aRecursive functions 907 $a.b10755202$b23-02-17$c28-06-02 912 $a991000772859707536 945 $aLE013 03D DAV11 (1958)$g1$i2013000086798$lle013$o-$pE0.00$q-$rl$s- $t0$u2$v0$w2$x0$y.i10849427$z28-06-02 996 $aComputability & unsolvability$9911313 997 $aUNISALENTO 998 $ale013$b01-01-97$cm$da $e-$feng$gus $h0$i1